Menová unifikácia vo svete

Menové únie v Európe v historickej retrospektíve. Existujúce menové únie vo svete. Zóna CFA franku (franc des Colonies Francaises Afrique). Východokaribská menová únia (ECCU-Eastern Caribbean Currency Union). Európska menová únia.

Salvato in:
Dettagli Bibliografici
Autore principale: Gonda, Vladimír
Natura: Capitolo di libro
Lingua:slovacco
Soggetti:
Tags: Aggiungi Tag
Nessun Tag, puoi essere il primo ad aggiungerne!!

MARC

LEADER 00000naa$a2200000$$$4500
001 0027995
005 20240502071429.4
041 0 |a slo 
044 |a SK 
245 1 0 |a Menová unifikácia vo svete  |c Vladimír Gonda 
520 |a Menové únie v Európe v historickej retrospektíve. Existujúce menové únie vo svete. Zóna CFA franku (franc des Colonies Francaises Afrique). Východokaribská menová únia (ECCU-Eastern Caribbean Currency Union). Európska menová únia. 
610 2 0 |a únie menové 
610 2 0 |a história 
610 2 0 |a zoskupenia integračné medzinárodné 
610 2 0 |a unifikácia 
610 2 0 |a euro 
610 2 0 |a Európska únia 
610 2 0 |a eurozóna 
610 2 0 |a Karibská oblasť 
610 2 0 |a Belgicko 
610 2 0 |a Luxembursko 
100 1 |a Gonda, Vladimír